Toronto Immigration by City - Statistics

General Stats
  • This quiz has been taken 26 times
  • The average score is 13 of 15
Answer Stats
# of Immigrants Country of Origin % Correct
44,765 China
100%
104,245 India
100%
11,055 Iran
95%
18,110 Pakistan
95%
9,805 USA
95%
6,425 Iraq
91%
4,745 South Korea
91%
11,150 Syria
91%
5,795 Brazil
86%
9,475 Nigeria
86%
34,350 Philippines
86%
5,125 Afghanistan
77%
6,035 Bangladesh
77%
6,815 Jamaica
77%
4,935 Sri Lanka
68%
No matching quizzes found
Score Distribution
Percent of People with Each Score
Percentile by Number Answered
Your Score History
You have not taken this quiz